|
|
|
|
| LEADER |
00757npc a2200181 i 4500 |
| 001 |
eta2548 |
| 005 |
20200320114253.0 |
| 008 |
200320suuuu hu o 0|| eng d |
| 040 |
|
|
|a SZTE Elektronikus Tananyag Archívum
|b hun
|
| 041 |
|
|
|a eng
|
| 100 |
1 |
|
|a Kósa Magdolna
|
| 245 |
1 |
0 |
|a Diseases of the extracellular matrix, cytoskeleton and signal transduction
|h [elektronikus dokumentum] :
|b muscular dystrophies (and their relations to cytoskeletal and other molecular structures) /
|c Kósa Magdolna
|
| 650 |
|
4 |
|a Orvos- és egészségtudomány
|
| 650 |
|
4 |
|a Általános orvostudomány
|
| 650 |
|
4 |
|a Anatómia és morfológia
|
| 650 |
|
4 |
|a Mozgásszervi rendszer
|
| 650 |
|
4 |
|a Humángenetika
|
| 856 |
4 |
0 |
|u https://eta.bibl.u-szeged.hu/2548/2/8/index.html
|z Dokumentum-elérés
|